Statistics for Members of Oh My Girl (Kpop)

Click here to take the quiz!

General Stats

  • This quiz has been taken 24 times
  • The average score is 7 of 8

Answer Stats

Answer % Correct
Arin
95%
Binnie
90%
Mimi
90%
Seunghee
90%
YooA
85%
Jiho
80%
Hyojung
75%
JinE
70%

Score Distribution

Percentile by Number Answered

Percent of People with Each Score

Your Score History

You have not taken this quiz